书目信息 |
| 题名: |
跟我学民谣吉他
|
|
| 作者: | 王迪平 主编 | |
| 分册: | ||
| 出版信息: | 长沙 湖南文艺出版社 2004.05 |
|
| 页数: | 254页 | |
| 开本: | 30cm | |
| 丛书名: | ||
| 单 册: | ||
| 中图分类: | J623.26 | |
| 科图分类: | ||
| 主题词: | 六弦琴--liu xian qin--器乐曲--世界--选集 , 六弦琴--liu xian qin--奏法 | |
| 电子资源: | ||
| ISBN: | 7-5404-3311-6 | |
| 000 | 00762nam0 2200229 450 | |
| 001 | 012007294984 | |
| 005 | 20070929092331.12 | |
| 010 | @a7-5404-3311-6@dCNY28.00 | |
| 100 | @a20070725d2004 km y0chiy0120 ea | |
| 101 | 0 | @achi |
| 102 | @aCN@b430000 | |
| 105 | @aag z 000yy | |
| 200 | 1 | @a跟我学民谣吉他@Agen wo xue min yao ji ta@f王迪平主编@Fwang di ping zhu bian |
| 210 | @a长沙@c湖南文艺出版社@d2004.05 | |
| 215 | @a254页@c图, 乐谱@d30cm | |
| 330 | @a本书包括:基础知识、最新流行金曲、张国荣怀念金曲、世界民谣经典、摇滚天地、独奏小品等六章。 | |
| 606 | 0 | @a六弦琴@Aliu xian qin@x器乐曲@y世界@j选集 |
| 606 | 0 | @a六弦琴@Aliu xian qin@x奏法 |
| 690 | @aJ623.26@v4 | |
| 701 | 0 | @a王迪平@Awang di ping@4主编 |
| 801 | 0 | @aCN@c20070929 |
| 905 | @dJ623.26@eW154 | |
| 跟我学民谣吉他/王迪平主编.-长沙:湖南文艺出版社,2004.05 |
| 254页:图, 乐谱;30cm |
| ISBN 7-5404-3311-6:CNY28.00 |
| 本书包括:基础知识、最新流行金曲、张国荣怀念金曲、世界民谣经典、摇滚天地、独奏小品等六章。 |
| ● |
| 相关链接 |
|
|
|
正题名:跟我学民谣吉他
索取号:J623.26/W154
 
预约/预借
| 序号 | 登录号 | 条形码 | 馆藏地/架位号 | 状态 | 备注 |
| 1 | 249221 | 202492212 | 社科库309/309社科库 92排4列5层/ [索取号:J623.26/W154] | 在馆 | |
| 2 | 249222 | 202492221 | 社科库309/309社科库 92排4列5层/ [索取号:J623.26/W154] | 在馆 | |
| 3 | 249223 | 202492230 | 社科库309/ [索取号:J623.26/W154] | 在馆 |